000 00380cam a2200145ua 4500
041 _aeng
_h
082 _a821
_bCHA/CO
100 _aChaucer, Geoffrey .
245 _aComplete works of Geoffrey Chaucer /
_cGeoffrey Chaucer.
_hTextual Documents
260 _aLondon :
_bOxford University Press ,
_c1962.
300 _a881 ; .
504 _a
942 _cBK
999 _c4970
_d4970